[Event "Greek Team Championship"]
[Site "chess24.com"]
[Date "2017.07.06"]
[Round "5"]
[White "Kartsidima, Aikaterini"]
[Black "Aivazian, Elpida Sofia"]
[Result "1/2-1/2"]
[Board "7"]
[WhiteElo "1405"]
[WhiteCountry "GRE"]
[WhiteFideId "25818040"]
[BlackElo "1415"]
[BlackCountry "GRE"]
[BlackFideId "25821555"]

1. e4 {[%clk 1:30:54]} c5 {[%clk 1:30:12]} 2. c3 {[%clk 1:30:56]} d5 {[%clk
1:30:38]} 3. exd5 {[%clk 1:30:40]} Qxd5 {[%clk 1:30:24]} 4. d4 {[%clk 1:29:46]}
Nc6 {[%clk 1:30:50]} 5. Be3 {[%clk 1:28:05]} cxd4 {[%clk 1:29:30]} 6. cxd4 {[%clk
1:28:24]} e5 {[%clk 1:23:03]} 7. Nc3 {[%clk 1:24:22]} Bb4 {[%clk 1:16:33]} 8. Ne2
{[%clk 1:15:56]} exd4 {[%clk 1:06:05]} 9. Nxd4 {[%clk 1:15:59]} Bxc3+ {[%clk
1:00:39]} 10. bxc3 {[%clk 1:16:11]} a6 {[%clk 0:53:05]} 11. f3 {[%clk 1:08:11]}
Qe5 {[%clk 0:46:29]} 12. Qd2 {[%clk 1:03:55]} Nf6 {[%clk 0:40:42]} 13. Be2 {[%clk
0:57:07]} Nd5 {[%clk 0:38:02]} 14. Bf2 {[%clk 0:52:59]} Nf4 {[%clk 0:33:17]} 15.
Bg3 {[%clk 0:49:35]} Nxd4 {[%clk 0:33:01]} 16. Bxf4 {[%clk 0:48:03]} Qxe2+ {[%clk
0:33:11]} 17. Qxe2+ {[%clk 0:48:25]} Nxe2 {[%clk 0:33:37]} 18. Kxe2 {[%clk
0:48:42]} O-O {[%clk 0:31:26]} 19. Rab1 {[%clk 0:47:14]} b5 {[%clk 0:30:32]} 20.
Rbd1 {[%clk 0:42:04]} Be6 {[%clk 0:29:13]} 21. a3 {[%clk 0:40:25]} Rfd8 {[%clk
0:25:53]} 22. Be5 {[%clk 0:38:09]} f6 {[%clk 0:23:30]} 23. Bd4 {[%clk 0:37:55]}
Rac8 {[%clk 0:22:53]} 24. Rb1 {[%clk 0:34:30]} Rc4 {[%clk 0:19:45]} 25. Rb4
{[%clk 0:33:39]} Rdc8 {[%clk 0:19:44]} 26. Rhb1 {[%clk 0:32:19]} Kf7 {[%clk
0:18:06]} 27. Ke3 {[%clk 0:24:01]} Bd5 {[%clk 0:16:06]} 28. Re1 {[%clk 0:20:20]}
Re8+ {[%clk 0:14:00]} 29. Kd2 {[%clk 0:20:03]} Rxe1 {[%clk 0:11:33]} 30. Kxe1
{[%clk 0:18:24]} g5 {[%clk 0:10:38]} 31. Kf2 {[%clk 0:16:51]} Kg6 {[%clk
0:09:45]} 32. g4 {[%clk 0:15:41]} Rc7 {[%clk 0:08:36]} 33. a4 {[%clk 0:12:38]}
Bc4 {[%clk 0:05:59]} 34. axb5 {[%clk 0:12:24]} axb5 {[%clk 0:06:22]} 35. Rb1
{[%clk 0:11:30]} f5 {[%clk 0:04:10]} 36. gxf5+ {[%clk 0:09:08]} Kxf5 {[%clk
0:04:29]} 37. Re1 {[%clk 0:09:33]} Kg6 {[%clk 0:03:59]} 38. Re5 {[%clk 0:07:20]}
Rd7 {[%clk 0:02:26]} 39. Rc5 {[%clk 0:06:04]} h6 {[%clk 0:02:22]} 40. Kg3 {[%clk
0:35:19]} Rf7 {[%clk 0:31:57]} 41. Rc6+ {[%clk 0:34:05]} Kh7 {[%clk 0:28:18]} 42.
Rf6 {[%clk 0:28:14]} Rxf6 {[%clk 0:26:59]} 43. Bxf6 {[%clk 0:28:37]} Kg6 {[%clk
0:27:13]} 44. Be5 {[%clk 0:28:22]} Kf5 {[%clk 0:24:40]} 45. f4 {[%clk 0:27:46]}
gxf4+ {[%clk 0:24:53]} 46. Bxf4 {[%clk 0:28:06]} Kg6 {[%clk 0:23:43]} 1/2-1/2

[Event "Greek Team Championship"]
[Site "chess24.com"]
[Date "2017.07.06"]
[Round "5"]
[White "Nasos, Konstantinos"]
[Black "Tsiros, Fragkiskos Vlasios"]
[Result "0-1"]
[Board "8"]
[WhiteElo "1611"]
[WhiteCountry "GRE"]
[WhiteFideId "25838938"]
[WhiteEloChange "-2"]
[BlackElo "2163"]
[BlackCountry "GRE"]
[BlackFideId "4228200"]
[BlackEloChange "2"]

1. d4 {[%clk 1:30:56]} d6 {[%clk 1:30:35]} 2. Nf3 {[%clk 1:31:11]} g6 {[%clk
1:31:00]} 3. c4 {[%clk 1:31:05]} Bg7 {[%clk 1:31:25]} 4. Nc3 {[%clk 1:30:40]} Nd7
{[%clk 1:30:59]} 5. g3 {[%clk 1:30:08]} e5 {[%clk 1:30:23]} 6. e4 {[%clk
1:29:08]} Ne7 {[%clk 1:30:05]} 7. Bg2 {[%clk 1:28:37]} O-O {[%clk 1:30:28]} 8.
O-O {[%clk 1:29:03]} exd4 {[%clk 1:30:50]} 9. Nxd4 {[%clk 1:27:58]} Nc6 {[%clk
1:31:19]} 10. Be3 {[%clk 1:23:26]} Nde5 {[%clk 1:31:37]} 11. b3 {[%clk 1:13:52]}
Ng4 {[%clk 1:29:26]} 12. Nxc6 {[%clk 1:07:47]} Nxe3 {[%clk 1:29:40]} 13. Qd3
{[%clk 1:07:23]} bxc6 {[%clk 1:27:31]} 14. Qxe3 {[%clk 1:07:42]} Re8 {[%clk
1:27:22]} 15. Qd2 {[%clk 0:56:32]} Rb8 {[%clk 1:21:50]} 16. Rac1 {[%clk 0:53:22]}
c5 {[%clk 1:02:09]} 17. h3 {[%clk 0:47:41]} a5 {[%clk 1:01:11]} 18. Rcd1 {[%clk
0:45:48]} Bd7 {[%clk 1:00:10]} 19. Kh2 {[%clk 0:38:41]} a4 {[%clk 0:59:33]} 20.
Qc2 {[%clk 0:31:56]} axb3 {[%clk 0:55:51]} 21. axb3 {[%clk 0:32:24]} Bxc3 {[%clk
0:49:09]} 22. Qxc3 {[%clk 0:32:33]} Bc6 {[%clk 0:49:24]} 23. Rfe1 {[%clk
0:29:21]} Qc8 {[%clk 0:43:26]} 24. Re3 {[%clk 0:23:09]} Qb7 {[%clk 0:43:25]} 25.
Qc2 {[%clk 0:20:34]} Re6 {[%clk 0:40:27]} 26. f4 {[%clk 0:17:47]} Rbe8 {[%clk
0:32:15]} 27. Rde1 {[%clk 0:18:16]} f5 {[%clk 0:27:23]} 28. e5 {[%clk 0:15:45]}
Bxg2 {[%clk 0:26:19]} 29. Qxg2 {[%clk 0:16:13]} Qxg2+ {[%clk 0:26:39]} 30. Kxg2
{[%clk 0:16:42]} dxe5 {[%clk 0:27:07]} 31. fxe5 {[%clk 0:15:00]} g5 {[%clk
0:26:52]} 32. Kf3 {[%clk 0:12:37]} Kf7 {[%clk 0:27:16]} 33. Rd1 {[%clk 0:07:51]}
c6 {[%clk 0:24:43]} 34. Rd7+ {[%clk 0:06:23]} R8e7 {[%clk 0:25:07]} 35. Rd8
{[%clk 0:05:41]} Rxe5 {[%clk 0:24:30]} 36. Rxe5 {[%clk 0:03:33]} Rxe5 {[%clk
0:24:54]} 37. Rc8 {[%clk 0:02:45]} Re6 {[%clk 0:24:38]} 38. h4 {[%clk 0:02:14]}
h6 {[%clk 0:23:53]} 39. Rh8 {[%clk 0:01:34]} Kg7 {[%clk 0:23:50]} 40. Rc8 {[%clk
0:31:54]} Kf6 {[%clk 0:53:28]} 41. Rd8 {[%clk 0:18:10]} g4+ {[%clk 0:39:36]} 42.
Kf2 {[%clk 0:18:26]} Ke5 {[%clk 0:40:05]} 43. Ke3 {[%clk 0:16:35]} f4+ {[%clk
0:40:18]} 44. gxf4+ {[%clk 0:15:06]} Kf5+ {[%clk 0:40:47]} 45. Kf2 {[%clk
0:15:02]} Kxf4 {[%clk 0:39:31]} 46. Rf8+ {[%clk 0:10:44]} Ke4 {[%clk 0:38:37]}
47. Kg3 {[%clk 0:05:28]} h5 {[%clk 0:36:46]} 48. Rh8 {[%clk 0:05:41]} Re5 {[%clk
0:36:43]} 49. Rh6 {[%clk 0:05:35]} Kd4 {[%clk 0:35:21]} 50. Rxc6 {[%clk 0:04:22]}
Re3+ {[%clk 0:34:39]} 51. Kg2 {[%clk 0:04:28]} Rxb3 {[%clk 0:31:36]} 52. Rh6
{[%clk 0:04:54]} Kxc4 {[%clk 0:31:59]} 53. Rxh5 {[%clk 0:05:05]} Rh3 {[%clk
0:32:12]} 54. Rh8 {[%clk 0:04:35]} Kd3 {[%clk 0:20:51]} 55. h5 {[%clk 0:01:36]}
c4 {[%clk 0:21:14]} 56. h6 {[%clk 0:00:51]} c3 {[%clk 0:21:38]} 57. h7 {[%clk
0:00:44]} Kc2 {[%clk 0:21:09]} 58. Kg1 {[%clk 0:00:37]} Rg3+ {[%clk 0:21:19]} 59.
Kf2 {[%clk 0:00:48]} Rf3+ {[%clk 0:21:19]} 60. Kg2 {[%clk 0:01:13]} Rf7 {[%clk
0:20:38]} 61. Kg3 {[%clk 0:01:13]} Rg7 {[%clk 0:20:37]} 62. Kf2 {[%clk 0:00:54]}
Rd7 {[%clk 0:18:28]} 63. Kg3 {[%clk 0:00:35]} Kd2 {[%clk 0:18:32]} 64. Kxg4
{[%clk 0:00:35]} c2 {[%clk 0:18:44]} 65. Ra8 {[%clk 0:00:32]} Rxh7 {[%clk
0:19:06]} 66. Rd8+ {[%clk 0:00:41]} Kc1 {[%clk 0:18:27]} 67. Kf3 {[%clk 0:00:46]}
Rc7 {[%clk 0:18:21]} 68. Ke2 {[%clk 0:00:49]} Kb2 {[%clk 0:18:37]} 69. Rb8+
{[%clk 0:00:46]} Kc3 {[%clk 0:18:35]} 0-1

[Event "Greek Team Championship"]
[Site "chess24.com"]
[Date "2017.07.06"]
[Round "5"]
[White "Trimitzios, Petros"]
[Black "Blitsas, Orestis"]
[Result "1-0"]
[Board "9"]
[WhiteElo "2199"]
[WhiteCountry "GRE"]
[WhiteFideId "25808796"]
[WhiteEloChange "2"]
[BlackElo "1635"]
[BlackCountry "GRE"]
[BlackFideId "25807919"]
[BlackEloChange "-2"]

1. Nf3 {[%clk 1:30:45]} d5 {[%clk 1:30:07]} 2. c4 {[%clk 1:31:00]} e6 {[%clk
1:27:11]} 3. d4 {[%clk 1:30:56]} Nf6 {[%clk 1:27:13]} 4. g3 {[%clk 1:30:49]} c6
{[%clk 1:25:05]} 5. Qc2 {[%clk 1:31:05]} Nbd7 {[%clk 1:25:13]} 6. Bg2 {[%clk
1:31:26]} Bd6 {[%clk 1:14:50]} 7. Nc3 {[%clk 1:24:12]} O-O {[%clk 1:13:41]} 8.
O-O {[%clk 1:15:07]} Re8 {[%clk 0:54:37]} 9. b3 {[%clk 0:54:27]} Nf8 {[%clk
0:48:27]} 10. e4 {[%clk 0:51:15]} Nxe4 {[%clk 0:47:22]} 11. Nxe4 {[%clk 0:51:13]}
dxe4 {[%clk 0:47:17]} 12. Qxe4 {[%clk 0:52:12]} Ng6 {[%clk 0:47:50]} 13. Bb2
{[%clk 0:51:36]} f5 {[%clk 0:44:56]} 14. Qe2 {[%clk 0:49:51]} Qc7 {[%clk
0:37:34]} 15. Rad1 {[%clk 0:47:48]} Bd7 {[%clk 0:29:25]} 16. Rd3 {[%clk 0:44:41]}
Rad8 {[%clk 0:27:10]} 17. Rfd1 {[%clk 0:44:17]} Bc8 {[%clk 0:24:18]} 18. h4
{[%clk 0:41:55]} c5 {[%clk 0:16:22]} 19. h5 {[%clk 0:39:25]} Nf8 {[%clk 0:16:05]}
20. dxc5 {[%clk 0:37:10]} Bxc5 {[%clk 0:16:17]} 21. h6 {[%clk 0:36:46]} Rxd3
{[%clk 0:14:12]} 22. Rxd3 {[%clk 0:36:29]} Qxg3 {[%clk 0:11:42]} 23. b4 {[%clk
0:33:52]} Qxf2+ {[%clk 0:10:08]} 24. Qxf2 {[%clk 0:34:12]} Bxf2+ {[%clk 0:10:26]}
25. Kxf2 {[%clk 0:34:35]} g6 {[%clk 0:07:57]} 26. Ng5 {[%clk 0:30:56]} 1-0

[Event "Greek Team Championship"]
[Site "chess24.com"]
[Date "2017.07.06"]
[Round "5"]
[White "Nasos, Valerios"]
[Black "Rousis, Chrysostomos"]
[Result "1-0"]
[Board "10"]
[WhiteElo "1433"]
[WhiteCountry "GRE"]
[WhiteFideId "25838253"]
[WhiteEloChange "15"]
[BlackElo "1615"]
[BlackCountry "CYP"]
[BlackFideId "5902860"]
[BlackEloChange "-15"]

1. e4 {[%clk 1:30:56]} c6 {[%clk 1:30:55]} 2. d4 {[%clk 1:31:21]} d5 {[%clk
1:31:17]} 3. Nd2 {[%clk 1:31:47]} dxe4 {[%clk 1:31:34]} 4. Nxe4 {[%clk 1:32:09]}
Bf5 {[%clk 1:31:47]} 5. Ng3 {[%clk 1:32:33]} Bg6 {[%clk 1:32:10]} 6. h4 {[%clk
1:32:57]} h6 {[%clk 1:32:34]} 7. Nf3 {[%clk 1:33:20]} Nd7 {[%clk 1:32:58]} 8. h5
{[%clk 1:33:46]} Bh7 {[%clk 1:33:20]} 9. Bd3 {[%clk 1:34:09]} Bxd3 {[%clk
1:33:39]} 10. Qxd3 {[%clk 1:34:35]} e6 {[%clk 1:33:47]} 11. Bd2 {[%clk 1:34:58]}
Ngf6 {[%clk 1:33:48]} 12. O-O-O {[%clk 1:35:20]} Be7 {[%clk 1:34:07]} 13. Ne4
{[%clk 1:35:44]} Nxe4 {[%clk 1:33:54]} 14. Qxe4 {[%clk 1:36:08]} Nf6 {[%clk
1:34:17]} 15. Qd3 {[%clk 1:36:34]} O-O {[%clk 1:34:39]} 16. Ne5 {[%clk 1:36:22]}
c5 {[%clk 1:29:42]} 17. dxc5 {[%clk 1:36:46]} Bxc5 {[%clk 1:29:27]} 18. Bxh6
{[%clk 1:37:00]} Qxd3 {[%clk 1:24:01]} 19. Nxd3 {[%clk 1:37:23]} Bxf2 {[%clk
1:24:25]} 20. Bf4 {[%clk 1:37:44]} Ng4 {[%clk 1:21:06]} 21. Rh3 {[%clk 1:28:25]}
f6 {[%clk 1:17:45]} 22. Rf1 {[%clk 0:44:01]} Bb6 {[%clk 0:51:53]} 23. Rg3 {[%clk
0:41:56]} f5 {[%clk 0:42:20]} 24. Ne5 {[%clk 0:10:40]} Bd4 {[%clk 0:42:00]} 25.
Ng6 {[%clk 0:02:25]} Rf7 {[%clk 0:42:15]} 26. Bg5 {[%clk 0:01:03]} Bf6 {[%clk
0:41:30]} 27. Bxf6 {[%clk 0:01:16]} Rxf6 {[%clk 0:41:53]} 28. Rd3 {[%clk
0:01:32]} Rf7 {[%clk 0:41:38]} 29. Rfd1 {[%clk 0:01:46]} Nf2 {[%clk 0:40:55]} 30.
Rd8+ {[%clk 0:02:02]} Rxd8 {[%clk 0:41:08]} 31. Rxd8+ {[%clk 0:02:23]} Kh7 {[%clk
0:41:21]} 32. Rh8# {[%clk 0:02:44]} 1-0

[Event "Greek Team Championship"]
[Site "chess24.com"]
[Date "2017.07.06"]
[Round "5"]
[White "Svetushkin, Dmitry"]
[Black "Firman, Nazar"]
[Result "0-1"]
[Board "1"]
[WhiteElo "2573"]
[WhiteTitle "GM"]
[WhiteCountry "MDA"]
[WhiteFideId "13900463"]
[WhiteEloChange "-6"]
[BlackElo "2512"]
[BlackTitle "GM"]
[BlackCountry "UKR"]
[BlackFideId "14104490"]
[BlackEloChange "6"]

1. e4 {[%clk 1:30:38]} d6 {[%clk 1:30:46]} 2. d4 {[%clk 1:31:01]} Nf6 {[%clk
1:31:13]} 3. Bd3 {[%clk 1:30:51]} g6 {[%clk 1:31:21]} 4. Nf3 {[%clk 1:31:01]} Bg7
{[%clk 1:31:22]} 5. c3 {[%clk 1:30:59]} O-O {[%clk 1:31:06]} 6. O-O {[%clk
1:31:20]} Nbd7 {[%clk 1:30:41]} 7. a4 {[%clk 1:31:17]} e5 {[%clk 1:30:05]} 8. Re1
{[%clk 1:31:41]} Re8 {[%clk 1:27:21]} 9. Nbd2 {[%clk 1:31:58]} Nh5 {[%clk
1:16:51]} 10. a5 {[%clk 1:26:09]} Nf4 {[%clk 0:58:58]} 11. Bf1 {[%clk 1:25:10]}
Nf8 {[%clk 0:48:34]} 12. a6 {[%clk 1:15:00]} bxa6 {[%clk 0:31:39]} 13. Nc4 {[%clk
0:57:32]} Qf6 {[%clk 0:29:18]} 14. Bxf4 {[%clk 0:53:46]} Qxf4 {[%clk 0:24:40]}
15. dxe5 {[%clk 0:53:41]} dxe5 {[%clk 0:16:40]} 16. Ne3 {[%clk 0:53:43]} c6
{[%clk 0:11:55]} 17. Bxa6 {[%clk 0:53:28]} Bd7 {[%clk 0:12:07]} 18. Bb7 {[%clk
0:39:07]} Rad8 {[%clk 0:08:32]} 19. Qa4 {[%clk 0:38:37]} Qf6 {[%clk 0:05:50]} 20.
Rad1 {[%clk 0:33:26]} Rb8 {[%clk 0:02:38]} 21. Qa6 {[%clk 0:22:31]} Qd8 {[%clk
0:01:03]} 22. Nc4 {[%clk 0:19:42]} Qc7 {[%clk 0:01:31]} 23. Na5 {[%clk 0:20:08]}
Re6 {[%clk 0:01:24]} 24. Qxa7 {[%clk 0:13:12]} c5 {[%clk 0:01:36]} 25. Rd5 {[%clk
0:08:29]} Rb6 {[%clk 0:02:04]} 26. Red1 {[%clk 0:04:56]} Be6 {[%clk 0:02:14]} 27.
R5d2 {[%clk 0:04:19]} Bh6 {[%clk 0:01:50]} 28. Re2 {[%clk 0:04:39]} R8xb7 {[%clk
0:01:39]} 29. Nxb7 {[%clk 0:05:04]} Bc4 {[%clk 0:01:53]} 30. Ree1 {[%clk
0:04:30]} Rxb7 {[%clk 0:02:06]} 31. Qa8 {[%clk 0:03:56]} Rb8 {[%clk 0:02:12]} 32.
Qa3 {[%clk 0:04:10]} Bb3 {[%clk 0:02:27]} 33. Ra1 {[%clk 0:04:23]} Ne6 {[%clk
0:02:03]} 34. Qa7 {[%clk 0:04:45]} Rb7 {[%clk 0:02:10]} 35. Qa8+ {[%clk 0:05:12]}
Rb8 {[%clk 0:01:39]} 36. Qa7 {[%clk 0:05:40]} Rb7 {[%clk 0:01:29]} 37. Qa5 {[%clk
0:06:05]} Qd6 {[%clk 0:00:48]} 38. Qa6 {[%clk 0:06:30]} Rb6 {[%clk 0:00:45]} 39.
Qc8+ {[%clk 0:06:53]} Bf8 {[%clk 0:01:11]} 40. Ra8 {[%clk 0:37:05]} Bd1 {[%clk
0:31:01]} 41. Nxe5 {[%clk 0:35:59]} Qxe5 {[%clk 0:31:28]} 42. Rxd1 {[%clk
0:36:24]} Rxb2 {[%clk 0:31:32]} 43. g3 {[%clk 0:31:57]} Qxc3 {[%clk 0:28:00]} 0-1

[Event "Greek Team Championship"]
[Site "chess24.com"]
[Date "2017.07.06"]
[Round "5"]
[White "Maier, Christian"]
[Black "Litsas, Ioannis"]
[Result "1-0"]
[Board "2"]
[WhiteElo "2388"]
[WhiteTitle "IM"]
[WhiteCountry "GER"]
[WhiteFideId "4601955"]
[WhiteEloChange "3"]
[BlackElo "2105"]
[BlackCountry "GRE"]
[BlackFideId "4206886"]
[BlackEloChange "-3"]

1. d4 {[%clk 1:30:49]} Nf6 {[%clk 1:30:51]} 2. Nf3 {[%clk 1:31:02]} e6 {[%clk
1:30:51]} 3. Bg5 {[%clk 1:27:17]} d5 {[%clk 1:30:54]} 4. Nbd2 {[%clk 1:26:08]}
Be7 {[%clk 1:29:56]} 5. e3 {[%clk 1:26:19]} Nbd7 {[%clk 1:29:23]} 6. Bd3 {[%clk
1:25:56]} b6 {[%clk 1:28:41]} 7. c3 {[%clk 1:18:25]} Bb7 {[%clk 1:25:17]} 8. Qb1
{[%clk 1:18:19]} h6 {[%clk 1:21:06]} 9. Bh4 {[%clk 1:17:36]} c5 {[%clk 1:16:49]}
10. O-O {[%clk 1:17:05]} O-O {[%clk 1:16:52]} 11. Rd1 {[%clk 1:12:01]} Nh5 {[%clk
1:04:37]} 12. Bxe7 {[%clk 1:08:35]} Qxe7 {[%clk 1:05:01]} 13. Ne5 {[%clk
1:02:05]} Nxe5 {[%clk 0:58:14]} 14. dxe5 {[%clk 1:02:28]} f5 {[%clk 0:45:54]} 15.
Be2 {[%clk 1:00:08]} Qf7 {[%clk 0:39:31]} 16. Rf1 {[%clk 0:55:08]} g5 {[%clk
0:39:25]} 17. f4 {[%clk 0:53:45]} g4 {[%clk 0:35:09]} 18. Qe1 {[%clk 0:52:45]}
Ng7 {[%clk 0:34:51]} 19. Qh4 {[%clk 0:52:59]} Qh5 {[%clk 0:32:21]} 20. Qg3 {[%clk
0:52:03]} Qe8 {[%clk 0:29:11]} 21. b4 {[%clk 0:43:07]} Qe7 {[%clk 0:25:54]} 22.
bxc5 {[%clk 0:42:01]} bxc5 {[%clk 0:26:13]} 23. Rab1 {[%clk 0:41:58]} Rfb8 {[%clk
0:23:24]} 24. Nb3 {[%clk 0:40:23]} Bc6 {[%clk 0:22:06]} 25. c4 {[%clk 0:38:46]}
a5 {[%clk 0:21:17]} 26. Rfc1 {[%clk 0:36:40]} a4 {[%clk 0:15:36]} 27. Nd2 {[%clk
0:36:27]} h5 {[%clk 0:15:08]} 28. Qe1 {[%clk 0:36:08]} Qa7 {[%clk 0:13:17]} 29.
Bd3 {[%clk 0:34:40]} Rb4 {[%clk 0:11:21]} 30. a3 {[%clk 0:33:24]} Rbb8 {[%clk
0:11:40]} 31. Rc2 {[%clk 0:30:49]} Qa5 {[%clk 0:11:32]} 32. Qc1 {[%clk 0:30:39]}
Rxb1 {[%clk 0:11:19]} 33. Qxb1 {[%clk 0:30:16]} Rd8 {[%clk 0:11:28]} 34. Qc1
{[%clk 0:29:10]} d4 {[%clk 0:11:36]} 35. e4 {[%clk 0:29:09]} fxe4 {[%clk
0:11:32]} 36. Nxe4 {[%clk 0:27:53]} Bxe4 {[%clk 0:11:22]} 37. Bxe4 {[%clk
0:28:19]} Rb8 {[%clk 0:11:28]} 38. Rf2 {[%clk 0:27:12]} Rb3 {[%clk 0:10:50]} 39.
f5 {[%clk 0:27:31]} Re3 {[%clk 0:10:30]} 40. Qc2 {[%clk 0:56:49]} Re1+ {[%clk
0:30:43]} 41. Rf1 {[%clk 0:57:09]} exf5 {[%clk 0:21:07]} 42. Bxf5 {[%clk
0:56:30]} Rxf1+ {[%clk 0:20:22]} 43. Kxf1 {[%clk 0:56:55]} Qc7 {[%clk 0:20:46]}
44. Bh7+ {[%clk 0:55:53]} Kh8 {[%clk 0:20:37]} 45. Qe4 {[%clk 0:56:08]} Qf7+
{[%clk 0:20:38]} 46. Ke1 {[%clk 0:55:38]} Qxc4 {[%clk 0:20:29]} 47. Bg6 {[%clk
0:54:28]} Qc1+ {[%clk 0:18:04]} 48. Ke2 {[%clk 0:53:29]} Ne6 {[%clk 0:16:27]} 49.
g3 {[%clk 0:48:56]} Qb2+ {[%clk 0:07:55]} 50. Kf1 {[%clk 0:47:08]} Qxa3 {[%clk
0:08:08]} 51. Bf7 {[%clk 0:44:00]} Qf3+ {[%clk 0:07:40]} 52. Qxf3 {[%clk
0:44:24]} gxf3 {[%clk 0:08:08]} 53. Bxe6 {[%clk 0:44:46]} d3 {[%clk 0:08:22]} 54.
Ke1 {[%clk 0:45:11]} Kg7 {[%clk 0:08:32]} 55. Bc4 {[%clk 0:44:00]} a3 {[%clk
0:08:53]} 56. h3 {[%clk 0:44:09]} Kf8 {[%clk 0:07:53]} 57. g4 {[%clk 0:44:33]}
hxg4 {[%clk 0:08:15]} 58. hxg4 {[%clk 0:44:58]} Ke7 {[%clk 0:08:38]} 59. g5
{[%clk 0:45:20]} Kf8 {[%clk 0:08:55]} 60. e6 {[%clk 0:44:53]} d2+ {[%clk
0:09:04]} 61. Kxd2 {[%clk 0:44:38]} f2 {[%clk 0:09:29]} 62. Ke2 {[%clk 0:45:04]}
f1B+ {[%clk 0:09:56]} 63. Kxf1 {[%clk 0:45:29]} 1-0

[Event "Greek Team Championship"]
[Site "chess24.com"]
[Date "2017.07.06"]
[Round "5"]
[White "Alexakis, Georgios"]
[Black "Skembris, Spyridon"]
[Result "0-1"]
[Board "3"]
[WhiteElo "2048"]
[WhiteCountry "GRE"]
[WhiteFideId "4255038"]
[WhiteEloChange "-3"]
[BlackElo "2386"]
[BlackTitle "GM"]
[BlackCountry "GRE"]
[BlackFideId "4200020"]
[BlackEloChange "3"]

1. e4 {[%clk 1:30:58]} c5 {[%clk 1:27:33]} 2. Nf3 {[%clk 1:31:06]} g6 {[%clk
1:27:53]} 3. c4 {[%clk 1:30:57]} Bg7 {[%clk 1:28:13]} 4. d4 {[%clk 1:29:52]} cxd4
{[%clk 1:28:24]} 5. Nxd4 {[%clk 1:30:16]} Nc6 {[%clk 1:28:46]} 6. Be3 {[%clk
1:29:28]} Nf6 {[%clk 1:29:07]} 7. Nc3 {[%clk 1:29:08]} O-O {[%clk 1:29:27]} 8.
Be2 {[%clk 1:28:56]} b6 {[%clk 1:29:13]} 9. O-O {[%clk 1:26:00]} Bb7 {[%clk
1:29:31]} 10. Ndb5 {[%clk 1:22:05]} d6 {[%clk 1:26:57]} 11. f3 {[%clk 1:17:14]}
a6 {[%clk 1:26:47]} 12. Na3 {[%clk 1:15:56]} Nd7 {[%clk 1:26:36]} 13. Qd2 {[%clk
1:14:08]} Nc5 {[%clk 1:25:30]} 14. Rab1 {[%clk 1:09:53]} Nb4 {[%clk 1:22:12]} 15.
Nd5 {[%clk 1:02:34]} Nxd5 {[%clk 1:21:16]} 16. exd5 {[%clk 0:57:36]} Qc7 {[%clk
1:20:47]} 17. b4 {[%clk 0:49:22]} Nd7 {[%clk 1:20:31]} 18. f4 {[%clk 0:45:53]}
Nf6 {[%clk 0:59:46]} 19. Rfc1 {[%clk 0:38:52]} e6 {[%clk 0:57:34]} 20. Bf3 {[%clk
0:33:09]} Rfe8 {[%clk 0:55:41]} 21. Qf2 {[%clk 0:24:21]} exd5 {[%clk 0:54:39]}
22. cxd5 {[%clk 0:23:35]} Qe7 {[%clk 0:51:15]} 23. Bxb6 {[%clk 0:21:26]} Nxd5
{[%clk 0:51:27]} 24. Bd4 {[%clk 0:12:50]} Nxf4 {[%clk 0:50:21]} 25. Re1 {[%clk
0:04:16]} Qg5 {[%clk 0:49:34]} 26. Be3 {[%clk 0:00:38]} Nh3+ {[%clk 0:43:51]} 27.
Kf1 {[%clk 0:01:02]} Qf5 {[%clk 0:42:41]} 28. gxh3 {[%clk 0:00:44]} Bxf3 {[%clk
0:43:02]} 29. Kg1 {[%clk 0:00:40]} Qxh3 {[%clk 0:43:12]} 30. Qg3 {[%clk 0:00:38]}
Qxg3+ {[%clk 0:42:44]} 31. hxg3 {[%clk 0:01:04]} Bc3 {[%clk 0:43:01]} 0-1

[Event "Greek Team Championship"]
[Site "chess24.com"]
[Date "2017.07.06"]
[Round "5"]
[White "Georgiev, Krum"]
[Black "Sklavounos, Panayotis"]
[Result "1-0"]
[Board "4"]
[WhiteElo "2357"]
[WhiteTitle "GM"]
[WhiteCountry "BUL"]
[WhiteFideId "2900092"]
[WhiteEloChange "2"]
[BlackElo "1842"]
[BlackCountry "GRE"]
[BlackFideId "4202015"]
[BlackEloChange "-2"]

1. e4 {[%clk 1:30:52]} c6 {[%clk 1:30:55]} 2. Nc3 {[%clk 1:30:37]} d5 {[%clk
1:31:22]} 3. d4 {[%clk 1:30:58]} dxe4 {[%clk 1:30:49]} 4. Nxe4 {[%clk 1:31:14]}
Nf6 {[%clk 1:30:48]} 5. Nxf6+ {[%clk 1:31:10]} exf6 {[%clk 1:30:16]} 6. Bc4
{[%clk 1:30:09]} Qe7+ {[%clk 1:26:27]} 7. Qe2 {[%clk 1:28:25]} Bg4 {[%clk
1:20:35]} 8. f3 {[%clk 1:26:23]} Be6 {[%clk 1:20:53]} 9. Bxe6 {[%clk 1:26:07]}
fxe6 {[%clk 1:18:24]} 10. Nh3 {[%clk 1:24:16]} Nd7 {[%clk 1:14:19]} 11. O-O
{[%clk 1:19:02]} g6 {[%clk 1:07:37]} 12. Re1 {[%clk 1:02:41]} Kf7 {[%clk
1:05:35]} 13. Bd2 {[%clk 1:01:53]} Re8 {[%clk 1:04:36]} 14. Rad1 {[%clk 0:57:25]}
Nb6 {[%clk 0:51:53]} 15. Nf2 {[%clk 0:54:30]} e5 {[%clk 0:43:43]} 16. Ne4 {[%clk
0:50:23]} Kg7 {[%clk 0:40:05]} 17. Qf2 {[%clk 0:44:26]} h6 {[%clk 0:23:24]} 18.
dxe5 {[%clk 0:39:41]} fxe5 {[%clk 0:21:19]} 19. Ba5 {[%clk 0:30:14]} Nd5 {[%clk
0:18:57]} 20. Qxa7 {[%clk 0:29:41]} b6 {[%clk 0:14:58]} 21. Qxe7+ {[%clk
0:25:01]} Bxe7 {[%clk 0:14:32]} 22. c4 {[%clk 0:25:03]} bxa5 {[%clk 0:14:13]} 23.
cxd5 {[%clk 0:25:28]} cxd5 {[%clk 0:14:04]} 24. Rxd5 {[%clk 0:25:47]} Bd8 {[%clk
0:10:08]} 25. Rc1 {[%clk 0:23:49]} Bb6+ {[%clk 0:09:34]} 26. Kf1 {[%clk 0:24:07]}
Re7 {[%clk 0:09:58]} 27. Rc6 {[%clk 0:24:24]} Bd4 {[%clk 0:09:51]} 28. Rxa5
{[%clk 0:23:56]} Rb8 {[%clk 0:07:13]} 29. b3 {[%clk 0:23:59]} Rb6 {[%clk
0:05:26]} 30. Rxb6 {[%clk 0:20:11]} Bxb6 {[%clk 0:05:55]} 31. Ra6 {[%clk
0:20:24]} Be3 {[%clk 0:05:35]} 32. Ke2 {[%clk 0:17:16]} Bg1 {[%clk 0:06:01]} 33.
h3 {[%clk 0:17:36]} Rc7 {[%clk 0:06:17]} 34. Kd2 {[%clk 0:17:47]} Bh2 {[%clk
0:05:28]} 35. g3 {[%clk 0:15:44]} Bg1 {[%clk 0:05:47]} 36. Ra4 {[%clk 0:15:55]}
h5 {[%clk 0:03:51]} 37. Rc4 {[%clk 0:15:41]} Rf7 {[%clk 0:03:13]} 38. Ke2 {[%clk
0:15:52]} Ra7 {[%clk 0:03:19]} 39. a4 {[%clk 0:15:30]} Bb6 {[%clk 0:03:17]} 40.
Nc3 {[%clk 0:43:42]} Rd7 {[%clk 0:32:27]} 41. b4 {[%clk 0:43:37]} Bd8 {[%clk
0:30:15]} 42. a5 {[%clk 0:42:38]} Bg5 {[%clk 0:24:54]} 43. Ne4 {[%clk 0:41:37]}
Bd8 {[%clk 0:22:30]} 44. Rc6 {[%clk 0:36:52]} Kf7 {[%clk 0:05:56]} 45. a6 {[%clk
0:35:43]} 1-0